[Event "FRM-chT (Women)"]
[Site "Ohrid"]
[Date "2023.09.01"]
[Round "7.1"]
[White "Galunova, Tsveta"]
[Black "Brzovska, Snezana"]
[Result "1-0"]
[WhiteElo "2157"]
[BlackElo "1628"]
[PlyCount "77"]
[EventDate "2023.08.26"]
[EventType "team-tourn"]
[EventRounds "7"]
[EventCountry "MKD"]
[SourceTitle "EXT 2024"]
[Source "ChessBase"]
[SourceDate "2023.10.10"]
[SourceVersion "1"]
[SourceVersionDate "2023.10.10"]
[SourceQuality "1"]

1. d4 d6 2. e4 g6 3. c4 Bg7 4. Nc3 e5 5. Nge2 Ne7 6. Be3 0-0 7. f3 Nd7 8. Qd2 f5 9. d5 a5 10. g4 f4 11. Bf2 g5 12. h4 h6 13. h5 Nc5 14. Nc1 b6 15. Be2 Bb7 16. b3 Ba6 17. a3 Kh8 18. b4 Nd7 19. Nb3 axb4 20. axb4 Nf6 21. Kf1 Qd7 22. Kg2 Rfb8 23. Ra3 Bf8 24. Ra2 Ne8 25. Rha1 Bb7 26. Ra7 Rxa7 27. Rxa7 Qc8 28. Qb2 Ra8 29. Rxa8 Qxa8 30. c5 bxc5 31. bxc5 Ba6 32. Qa2 Bb7 33. Qxa8 Bxa8 34. c6 Nc8 35. Na4 Be7 36. Ba6 Nb6 37. Nxb6 cxb6 38. Bxb6 Kg8 39. Bb7 1-0

[Event "FRM-chT (Women)"]
[Site "Ohrid"]
[Date "2023.08.30"]
[Round "5.1"]
[White "Djukic, Sandra"]
[Black "Galunova, Tsveta"]
[Result "1/2-1/2"]
[WhiteElo "2144"]
[BlackElo "2157"]
[PlyCount "29"]
[EventDate "2023.08.26"]
[EventType "team-tourn"]
[EventRounds "7"]
[EventCountry "MKD"]
[SourceTitle "EXT 2024"]
[Source "ChessBase"]
[SourceDate "2023.10.10"]
[SourceVersion "1"]
[SourceVersionDate "2023.10.10"]
[SourceQuality "1"]

1. d4 f5 2. g3 e6 3. Bg2 d5 4. Nh3 Nf6 5. 0-0 c6 6. c4 Bd6 7. Nd2 0-0 8. Nf3 Nbd7 9. Nf4 Qe7 10. Qc2 Ne4 11. Nd3 Ndf6 12. Bf4 Bxf4 13. Nxf4 Bd7 14. e3 Be8 15. Ne5 1/2-1/2

[Event "EU-Cup (Women) 25th"]
[Site "Struga"]
[Date "2021.09.20"]
[Round "3.4"]
[White "Stojkovska, Monika"]
[Black "Galunova, Tsveta"]
[Result "0-1"]
[WhiteElo "2081"]
[BlackElo "2190"]
[PlyCount "72"]
[EventDate "2021.09.18"]
[EventType "team-tourn"]
[EventRounds "7"]
[EventCountry "MKD"]
[SourceTitle "CBM 204 Extra"]
[Source "ChessBase"]
[SourceDate "2021.11.30"]
[SourceVersion "1"]
[SourceVersionDate "2021.11.30"]
[SourceQuality "1"]
[WhiteTeam "Alkaloid (W)"]
[BlackTeam "Kumanovo (W)"]
[WhiteTeamCountry "MKD"]
[BlackTeamCountry "MKD"]

1. e4 e5 2. Nf3 Nc6 3. Bc4 Bc5 4. 0-0 Nf6 5. d3 a6 6. c3 Ba7 7. a4 h6 8. Re1 0-0 9. Nbd2 Ng4 10. Re2 d6 11. h3 Nf6 12. b4 Nh5 13. Nf1 Qf6 14. N1h2 Nf4 15. Bxf4 Qxf4 16. b5 Nd8 17. d4 exd4 18. cxd4 Ne6 19. bxa6 bxa6 20. Rb1 Bb6 21. Bd5 Ra7 22. Qd2 Bd7 23. Qb4 a5 24. Qc4 h5 25. Reb2 Bc8 26. g3 Qf6 27. e5 dxe5 28. dxe5 Qf5 29. Qh4 Bb7 30. Bxb7 Rxb7 31. Kg2 Rbb8 32. Nf1 Rbd8 33. Ne3 Bxe3 34. fxe3 Rd3 35. Rb3 Rxb3 36. Rf1 Rb2+ 0-1

[Event "EU-Cup (Women) 25th"]
[Site "Struga"]
[Date "2021.09.19"]
[Round "2.1"]
[White "Galunova, Tsveta"]
[Black "Hrescak, Ivana"]
[Result "0-1"]
[WhiteElo "2190"]
[BlackElo "2142"]
[PlyCount "74"]
[EventDate "2021.09.18"]
[EventType "team-tourn"]
[EventRounds "7"]
[EventCountry "MKD"]
[SourceTitle "CBM 204 Extra"]
[Source "ChessBase"]
[SourceDate "2021.11.30"]
[SourceVersion "1"]
[SourceVersionDate "2021.11.30"]
[SourceQuality "1"]
[WhiteTeam "Kumanovo (W)"]
[BlackTeam "Baden Erste Bank (W)"]
[WhiteTeamCountry "MKD"]
[BlackTeamCountry "AUT"]

1. d4 Nf6 2. c4 g6 3. Nc3 Bg7 4. e4 d6 5. f3 0-0 6. Be3 c5 7. d5 e6 8. Qd2 exd5 9. cxd5 a6 10. a4 Nbd7 11. Nh3 Ne5 12. Nf2 h5 13. Be2 Nh7 14. h3 Re8 15. f4 Nd7 16. 0-0 Ndf8 17. Bf3 f5 18. exf5 Bxf5 19. g4 Bd7 20. Nce4 hxg4 21. hxg4 Qb6 22. Nc3 Re7 23. Nfe4 Rae8 24. Bf2 Nf6 25. Nxf6+ Bxf6 26. Kg2 Qb4 27. Rh1 Rf7 28. Bg3 Bd4 29. Qc2 Rfe7 30. Rab1 b5 31. axb5 axb5 32. Ra1 Qc4 33. Qb1 b4 34. Ne4 Rxe4 35. Bxe4 Qe2+ 36. Kh3 Bxg4+ 37. Kh4 Bf6# 0-1

[Event "SRB-chT (Women)"]
[Site "Valjevo"]
[Date "2020.10.03"]
[Round "11.2"]
[White "Galunova, Tsveta"]
[Black "Eric, Jovana"]
[Result "1/2-1/2"]
[WhiteElo "2151"]
[BlackElo "2292"]
[PlyCount "98"]
[EventDate "2020.09.25"]
[EventType "team-tourn"]
[EventRounds "11"]
[EventCountry "SRB"]
[SourceTitle "CBM 198 Extra"]
[Source "ChessBase"]
[SourceDate "2020.11.30"]
[SourceVersion "1"]
[SourceVersionDate "2020.11.30"]
[SourceQuality "1"]
[WhiteTeam "Valjevo 2005 (W)"]
[BlackTeam "Belgrade Rad (W)"]
[WhiteTeamCountry "SRB"]
[BlackTeamCountry "SRB"]

1. d4 Nf6 2. c4 e6 3. Nc3 Bb4 4. Qc2 c5 5. dxc5 Na6 6. a3 Bxc3+ 7. Qxc3 Nxc5 8. f3 d5 9. cxd5 b6 10. Bg5 exd5 11. e3 0-0 12. Bxf6 gxf6 13. Ne2 Re8 14. Nd4 Qe7 15. Bb5 Bd7 16. Bxd7 Nxd7 17. Kf2 Rac8 18. Qd2 Qe5 19. g4 Nc5 20. Rac1 Ne6 21. f4 Qe4 22. Nf5 Nc5 23. Rhd1 Nb3 24. Rxc8 Nxd2 25. Rxe8+ Qxe8 26. Rxd2 Qe4 27. Rxd5 h5 28. Nh6+ Kf8 29. Rxh5 Qc2+ 30. Kf3 Qxb2 31. Nf5 Ke8 32. Rh8+ Kd7 33. h4 Qxa3 34. h5 Qc1 35. h6 Qh1+ 36. Kg3 a5 37. h7 a4 38. Ng7 a3 39. Nh5 Qg1+ 40. Kf3 Qf1+ 41. Kg3 a2 42. Nxf6+ Kc7 43. Nd5+ Kb7 44. Rb8+ Kxb8 45. h8Q+ Kb7 46. Qd8 Qe1+ 47. Kf3 Qf1+ 48. Kg3 Qe1+ 49. Kf3 Qf1+ 1/2-1/2

[Event "SRB-chT (Women)"]
[Site "Valjevo"]
[Date "2020.09.30"]
[Round "8.6"]
[White "Galunova, Tsveta"]
[Black "Injac, Teodora"]
[Result "1/2-1/2"]
[WhiteElo "2151"]
[BlackElo "2286"]
[PlyCount "66"]
[EventDate "2020.09.25"]
[EventType "team-tourn"]
[EventRounds "11"]
[EventCountry "SRB"]
[SourceTitle "CBM 198 Extra"]
[Source "ChessBase"]
[SourceDate "2020.11.30"]
[SourceVersion "1"]
[SourceVersionDate "2020.11.30"]
[SourceQuality "1"]
[WhiteTeam "Valjevo 2005 (W)"]
[BlackTeam "Goracici Jelica (W)"]
[WhiteTeamCountry "SRB"]
[BlackTeamCountry "SRB"]

1. d4 d5 2. c4 e6 3. Nc3 c5 4. cxd5 exd5 5. Nf3 Nc6 6. g3 Nf6 7. Bg2 cxd4 8. Nxd4 Bc5 9. e3 Bg4 10. Qa4 0-0 11. Nxc6 bxc6 12. Qxc6 Rc8 13. Qa4 d4 14. exd4 Re8+ 15. Be3 Qxd4 16. Qxd4 Bxd4 17. 0-0 Bxe3 18. fxe3 Rxe3 19. Nd5 Nxd5 20. Bxd5 Be6 21. Rac1 Rxc1 22. Rxc1 h5 23. Kf2 Re5 24. Bxe6 Rxe6 25. Rc7 Ra6 26. a3 g6 27. h4 Kg7 28. Ke3 Ra4 29. Re7 Kf6 30. Re4 Ra5 31. Rc4 g5 32. hxg5+ Kxg5 33. a4 f5 1/2-1/2

[Event "SRB-chT (Women)"]
[Site "Valjevo"]
[Date "2020.09.29"]
[Round "6.5"]
[White "Galunova, Tsveta"]
[Black "Tomin, Ksenija"]
[Result "1-0"]
[WhiteElo "2151"]
[BlackElo "2032"]
[PlyCount "65"]
[EventDate "2020.09.25"]
[EventType "team-tourn"]
[EventRounds "11"]
[EventCountry "SRB"]
[SourceTitle "CBM 198 Extra"]
[Source "ChessBase"]
[SourceDate "2020.11.30"]
[SourceVersion "1"]
[SourceVersionDate "2020.11.30"]
[SourceQuality "1"]
[WhiteTeam "Valjevo 2005 (W)"]
[BlackTeam "Belgrade Crvena Zvezda (W)"]
[WhiteTeamCountry "SRB"]
[BlackTeamCountry "SRB"]

1. d4 Nf6 2. c4 g6 3. Nc3 Bg7 4. e4 d6 5. f3 0-0 6. Nge2 c5 7. d5 e6 8. Ng3 exd5 9. cxd5 h5 10. Bg5 Qb6 11. Qd2 Nh7 12. Bh4 Nd7 13. Be2 g5 14. Bxg5 Nxg5 15. Qxg5 Qxb2 16. Rc1 Nf6 17. Nd1 Qa3 18. 0-0 Nh7 19. Qf4 Be5 20. Qh6 Bg7 21. Qf4 Be5 22. Qh6 Bg7 23. Qf4 Be5 24. Qh6 Bg7 25. Qd2 Bd4+ 26. Kh1 h4 27. Nh5 f5 28. Rc4 Bd7 29. Qh6 Bf6 30. e5 dxe5 31. Rxh4 Qxa2 32. Qg6+ Kh8 33. Nxf6 1-0

[Event "SRB-chT (Women)"]
[Site "Valjevo"]
[Date "2020.09.28"]
[Round "5.3"]
[White "Zarkovic, Mila"]
[Black "Galunova, Tsveta"]
[Result "1/2-1/2"]
[WhiteElo "2182"]
[BlackElo "2151"]
[PlyCount "132"]
[EventDate "2020.09.25"]
[EventType "team-tourn"]
[EventRounds "11"]
[EventCountry "SRB"]
[SourceTitle "CBM 198 Extra"]
[Source "ChessBase"]
[SourceDate "2020.11.30"]
[SourceVersion "1"]
[SourceVersionDate "2020.11.30"]
[SourceQuality "1"]
[WhiteTeam "Sremska Mitrovica Sirmium (W)"]
[BlackTeam "Valjevo 2005 (W)"]
[WhiteTeamCountry "SRB"]
[BlackTeamCountry "SRB"]

1. e4 e5 2. Nf3 Nc6 3. Bb5 a6 4. Ba4 Nf6 5. 0-0 Nxe4 6. Re1 Nc5 7. Bxc6 dxc6 8. Nxe5 Be6 9. d4 Nd7 10. Bf4 Nxe5 11. Bxe5 Qd7 12. Nc3 0-0-0 13. Qd2 c5 14. d5 f6 15. Bg3 Bxd5 16. Rad1 Bc6 17. Qxd7+ Bxd7 18. Nd5 Bc6 19. Nxc7 Rxd1 20. Rxd1 Be7 21. Nd5 Bxd5 22. Rxd5 Rd8 23. Rxd8+ Kxd8 24. Kf1 Kd7 25. Ke2 b5 26. Bf4 Ke6 27. Bd2 Kd5 28. c3 c4 29. a3 f5 30. Kf3 g5 31. h3 Ke5 32. Be3 h5 33. Bd4+ Kd5 34. Ke2 g4 35. Be3 Bd6 36. f3 gxh3 37. gxh3 Bg3 38. Bd2 Ke5 39. Be3 Bf4 40. Kf2 h4 41. Ke2 Bxe3 42. Kxe3 f4+ 43. Kd2 Kd5 44. Kc2 Kc5 45. Kc1 Kb6 46. Kb1 Ka5 47. Kc1 Ka4 48. Kc2 a5 49. Kc1 Kb3 50. Kb1 b4 51. axb4 axb4 52. cxb4 Kxb4 53. Kc2 Kb5 54. Kd2 Kb6 55. Kd1 Kc6 56. Kc2 Kd5 57. Kd1 Kc5 58. Kc1 Kb5 59. Kd2 Kc6 60. Kc2 Kd5 61. Kd1 Kd4 62. Kd2 Kc5 63. Kc1 Kb5 64. Kd2 Kb4 65. Kc2 Kc5 66. Kc1 Kd4 1/2-1/2

[Event "SRB-chT Central (Women)"]
[Site "Paracin"]
[Date "2019.10.20"]
[Round "4.1"]
[White "Galunova, Tsveta"]
[Black "Nikolic, Miljana"]
[Result "1-0"]
[WhiteElo "2144"]
[BlackElo "1655"]
[PlyCount "51"]
[EventDate "2019.10.18"]
[EventType "team-tourn"]
[EventRounds "5"]
[EventCountry "SRB"]
[SourceTitle "CBM 192 Extra"]
[Source "Chessbase"]
[SourceDate "2019.11.06"]
[SourceVersion "1"]
[SourceVersionDate "2019.11.06"]
[SourceQuality "1"]
[WhiteTeam "Valjevo (W)"]
[BlackTeam "Nis Ekonomist (W)"]
[WhiteTeamCountry "SRB"]
[BlackTeamCountry "SRB"]

1. d4 d5 2. c4 e6 3. Nc3 Bb4 4. Qa4+ Nc6 5. e3 Bd7 6. Qc2 Nf6 7. Nf3 Ne4 8. Bd3 Bxc3+ 9. bxc3 f5 10. Ba3 g5 11. cxd5 exd5 12. c4 g4 13. cxd5 gxf3 14. dxc6 Bxc6 15. gxf3 Ng5 16. 0-0-0 Bxf3 17. Rhg1 Bxd1 18. Qxd1 Qf6 19. Qh5+ Nf7 20. Bxf5 Rd8 21. Rg4 Rd6 22. Re4+ Kd8 23. Bxd6 Nxd6 24. Re6 Qxf5 25. Rxd6+ cxd6 26. Qxf5 1-0

[Event "Primorsko op-A"]
[Site "Primorsko"]
[Date "2019.09.19"]
[Round "5"]
[White "Nenkov, Ljudmil"]
[Black "Galunova, Tsveta"]
[Result "1/2-1/2"]
[WhiteElo "2234"]
[BlackElo "2191"]
[PlyCount "26"]
[EventDate "2019.09.15"]
[EventType "swiss"]
[EventRounds "9"]
[EventCountry "BUL"]
[SourceTitle "EXT 2020"]
[Source "ChessBase"]
[SourceDate "2019.10.17"]
[SourceVersion "1"]
[SourceVersionDate "2019.10.17"]
[SourceQuality "1"]

1. Nf3 Nf6 2. g3 c5 3. Bg2 Nc6 4. d4 cxd4 5. Nxd4 e5 6. Nxc6 dxc6 7. Qxd8+ Kxd8 8. b3 Kc7 9. Bb2 Bb4+ 10. c3 Bc5 11. Nd2 Re8 12. e3 a5 13. h3 Bf5 1/2-1/2

[Event "Anogia op 8th"]
[Site "Anogia"]
[Date "2019.08.18"]
[Round "1"]
[White "Galunova, Tsveta"]
[Black "Vaishali, Ramesh Babu"]
[Result "1-0"]
[WhiteElo "2143"]
[BlackElo "2411"]
[PlyCount "83"]
[EventDate "2019.08.18"]
[EventType "swiss"]
[EventRounds "9"]
[EventCountry "GRE"]
[SourceTitle "EXT 2020"]
[Source "ChessBase"]
[SourceDate "2019.10.17"]
[SourceVersion "1"]
[SourceVersionDate "2019.10.17"]
[SourceQuality "1"]

1. d4 d6 2. e4 g6 3. c4 Bg7 4. Nc3 e5 5. Nge2 Nc6 6. Be3 Nf6 7. d5 Ne7 8. f3 0-0 9. g4 c6 10. Qd2 cxd5 11. cxd5 a6 12. Ng3 b5 13. h4 Ne8 14. h5 f5 15. gxf5 gxf5 16. Bg5 b4 17. Nd1 f4 18. Nf5 Bxf5 19. exf5 Bf6 20. Bh6 Rf7 21. Bd3 Kh8 22. Nf2 Ng8 23. Ng4 Bh4+ 24. Ke2 Nef6 25. Rxh4 Nxg4 26. Bg5 Qxg5 27. Rxg4 Qxh5 28. Rag1 Nf6 29. Rg5 Qh2+ 30. R1g2 Qh1 31. Rg1 Qh2+ 32. R1g2 Qh3 33. Qxb4 Rg8 34. Qxd6 Qxg2+ 35. Rxg2 Rxg2+ 36. Kf1 Rxb2 37. Qxe5 Rxa2 38. d6 Rd2 39. Bc4 Rf8 40. Qe7 Rd1+ 41. Kg2 Rd2+ 42. Kh3 1-0

[Event "Paleochora op 12th"]
[Site "Paleochora"]
[Date "2019.07.14"]
[Round "2"]
[White "Galunova, Tsveta"]
[Black "Murzin, Volodar"]
[Result "0-1"]
[WhiteElo "2130"]
[BlackElo "2429"]
[PlyCount "94"]
[EventDate "2019.07.13"]
[EventType "swiss"]
[EventRounds "9"]
[EventCountry "GRE"]
[SourceTitle "EXT 2020"]
[Source "ChessBase"]
[SourceDate "2019.10.17"]
[SourceVersion "1"]
[SourceVersionDate "2019.10.17"]
[SourceQuality "1"]

1. d4 Nf6 2. c4 g6 3. Nc3 Bg7 4. e4 0-0 5. f3 c6 6. Be3 d6 7. Qd2 a6 8. a4 a5 9. Bd3 Na6 10. Rd1 e5 11. Nge2 Nb4 12. Bb1 Be6 13. b3 Qe7 14. 0-0 Rfe8 15. h3 Rad8 16. d5 cxd5 17. cxd5 Bd7 18. Bb6 Ra8 19. Bd3 Nxd3 20. Qxd3 Bh6 21. g4 Rec8 22. h4 Be8 23. g5 Nd7 24. Be3 Bg7 25. Kg2 Nc5 26. Qb1 Qd8 27. Rd2 Qb6 28. Nc1 Qa6 29. Nd3 Ne6 30. Ne2 Nf8 31. f4 exf4 32. Bd4 Bxd4 33. Nxd4 Rc3 34. Rc1 f3+ 35. Kxf3 Rac8 36. Rxc3 Rxc3 37. Ne2 Rc7 38. Qa1 b5 39. Nef4 bxa4 40. h5 axb3 41. h6 f6 42. Qxf6 Rf7 43. Qc3 Qb5 44. Kg3 Qb6 45. Nf2 Bd7 46. Rd3 b2 47. Rf3 b1Q 0-1

[Event "Veliko Gradiste Silver Lake op"]
[Site "Veliko Gradiste"]
[Date "2019.06.22"]
[Round "8"]
[White "Galunova, Tsveta"]
[Black "Wu, David Tai Wei"]
[Result "1/2-1/2"]
[WhiteElo "2156"]
[BlackElo "1800"]
[PlyCount "73"]
[EventDate "2019.06.16"]
[EventType "swiss"]
[EventRounds "9"]
[EventCountry "SRB"]
[SourceTitle "CBM 191 Extra"]
[Source "ChessBase"]
[SourceDate "2019.09.30"]
[SourceVersion "1"]
[SourceVersionDate "2019.09.30"]
[SourceQuality "1"]

1. d4 Nf6 2. c4 e6 3. Nc3 Bb4 4. Qc2 b6 5. e4 c5 6. d5 Qe7 7. Be2 exd5 8. exd5 Qe4 9. Qd2 Qxg2 10. Bf3 Qg6 11. Qe3+ Kd8 12. Nge2 Re8 13. Qf4 Ne4 14. Be3 Qf6 15. Qxf6+ gxf6 16. 0-0-0 Nxc3 17. Nxc3 Bxc3 18. bxc3 d6 19. Bf4 Kc7 20. Rde1 Rxe1+ 21. Rxe1 Bf5 22. Re7+ Nd7 23. Rxf7 Rg8 24. Bg3 Re8 25. Kd2 a5 26. a4 Rg8 27. h4 Bb1 28. h5 Rg5 29. h6 Rg8 30. Rg7 Rd8 31. Be2 Bg6 32. Bg4 f5 33. Bf3 Rh8 34. Ke3 Re8+ 35. Kd2 Rf8 36. Ke3 Re8+ 37. Kd2 1/2-1/2

[Event "Veliko Gradiste Silver Lake op"]
[Site "Veliko Gradiste"]
[Date "2019.06.19"]
[Round "5"]
[White "Tanishka, Kotia"]
[Black "Galunova, Tsveta"]
[Result "1-0"]
[WhiteElo "1821"]
[BlackElo "2156"]
[PlyCount "75"]
[EventDate "2019.06.16"]
[EventType "swiss"]
[EventRounds "9"]
[EventCountry "SRB"]
[SourceTitle "CBM 191 Extra"]
[Source "ChessBase"]
[SourceDate "2019.09.30"]
[SourceVersion "1"]
[SourceVersionDate "2019.09.30"]
[SourceQuality "1"]

1. c4 c5 2. Nc3 Nf6 3. g3 d5 4. cxd5 Nxd5 5. Bg2 Nc7 6. Qa4+ Qd7 7. Nf3 Nc6 8. d3 e5 9. 0-0 Be7 10. Be3 Rb8 11. Rac1 f6 12. Nd2 b5 13. Qd1 Nd4 14. Nce4 Bb7 15. Nxc5 Bxc5 16. Bxb7 Rxb7 17. Rxc5 Nce6 18. Bxd4 exd4 19. Ne4 Rb8 20. Rc2 Qd5 21. Qd2 0-0 22. b3 b4 23. Rc4 a5 24. Rfc1 h5 25. f3 h4 26. Nc5 Ng5 27. gxh4 Nf7 28. Qf4 Rbd8 29. Ne4 Rfe8 30. Rc5 Qa8 31. Qg4 Kf8 32. Rc7 a4 33. Qg6 Qd5 34. R1c5 Qe6 35. R5c6 Qd5 36. Rxf6 gxf6 37. Nxf6 Qd7 38. Nxd7+ 1-0

[Event "Sochi ChessAmateur op10"]
[Site "Sochi"]
[Date "2018.10.15"]
[Round "6"]
[White "Galunova, Tsveta"]
[Black "Sredojevic, Ivan"]
[Result "1/2-1/2"]
[WhiteElo "2213"]
[BlackElo "2316"]
[PlyCount "51"]
[EventDate "2018.10.12"]
[EventType "swiss"]
[EventRounds "9"]
[EventCountry "RUS"]
[SourceTitle "CBM 187 Extra"]
[Source "ChessBase"]
[SourceDate "2018.11.04"]
[SourceVersion "1"]
[SourceVersionDate "2018.11.04"]
[SourceQuality "1"]

1. d4 Nf6 2. c4 g6 3. Nc3 Bg7 4. e4 d6 5. f3 0-0 6. Nge2 c5 7. d5 e6 8. Ng3 exd5 9. cxd5 a6 10. a4 Nbd7 11. Be2 Ne5 12. 0-0 c4 13. Be3 h5 14. h3 Nfd7 15. f4 Nd3 16. Bxd3 cxd3 17. Qxd3 h4 18. Nge2 f5 19. exf5 Nc5 20. Bxc5 Bxf5 21. Qe3 Re8 22. Qf2 dxc5 23. Qxc5 Rc8 24. Qf2 Rc4 25. Rad1 Bf8 26. Kh1 1/2-1/2

[Event "Sochi ChessAmateur op10"]
[Site "Sochi"]
[Date "2018.10.15"]
[Round "5"]
[White "Kozlov, Oleg"]
[Black "Galunova, Tsveta"]
[Result "1-0"]
[WhiteElo "2275"]
[BlackElo "2213"]
[PlyCount "82"]
[EventDate "2018.10.12"]
[EventType "swiss"]
[EventRounds "9"]
[EventCountry "RUS"]
[SourceTitle "CBM 187 Extra"]
[Source "ChessBase"]
[SourceDate "2018.11.04"]
[SourceVersion "1"]
[SourceVersionDate "2018.11.04"]
[SourceQuality "1"]

1. Nf3 d5 2. b3 c5 3. Bb2 Nc6 4. e3 a6 5. d4 cxd4 6. Nxd4 Nf6 7. Nd2 g6 8. c4 Nxd4 9. Bxd4 Bg7 10. cxd5 Qxd5 11. Nc4 Be6 12. Be2 Rd8 13. Bf3 Qb5 14. a4 Qb4+ 15. Qd2 Qxd2+ 16. Nxd2 Bd5 17. Bxd5 Rxd5 18. Rc1 0-0 19. Ke2 Rfd8 20. Rc2 Ng4 21. Bb6 R8d7 22. Rc8+ Bf8 23. Nc4 f6 24. f4 Kf7 25. h3 Nh6 26. g4 Bg7 27. Rc1 e5 28. fxe5 fxe5 29. e4 Rd3 30. Be3 Rxb3 31. g5 Nf5 32. exf5 gxf5 33. Nd2 Ra3 34. R1c7 Rxc7 35. Rxc7+ Kg6 36. h4 f4 37. Bc5 Rh3 38. Bf2 b5 39. a5 Ra3 40. h5+ Kxh5 41. Rxg7 Rxa5 1-0

[Event "Sochi ChessAmateur op10"]
[Site "Sochi"]
[Date "2018.10.13"]
[Round "3"]
[White "Koshevarov, Alexander"]
[Black "Galunova, Tsveta"]
[Result "0-1"]
[WhiteElo "2030"]
[BlackElo "2213"]
[PlyCount "74"]
[EventDate "2018.10.12"]
[EventType "swiss"]
[EventRounds "9"]
[EventCountry "RUS"]
[SourceTitle "CBM 187 Extra"]
[Source "ChessBase"]
[SourceDate "2018.11.04"]
[SourceVersion "1"]
[SourceVersionDate "2018.11.04"]
[SourceQuality "1"]

1. d4 d5 2. e4 dxe4 3. Nc3 Nf6 4. f3 exf3 5. Nxf3 g6 6. Bc4 Bg7 7. Ne5 0-0 8. 0-0 c6 9. Bg5 Nbd7 10. Bb3 Nb6 11. Qd2 Nbd5 12. Rae1 Bf5 13. g4 Be6 14. h3 Qd6 15. Bh6 Rad8 16. Bxg7 Kxg7 17. g5 Nh5 18. Ne4 Qc7 19. Qh2 Qc8 20. Rf3 Nc7 21. c3 Bd5 22. Nxf7 Rxf7 23. Qe5+ Kg8 24. Rxf7 Bxf7 25. Bxf7+ Kxf7 26. Rf1+ Kg8 27. Qxe7 Nd5 28. Qf7+ Kh8 29. Nf6 Ndxf6 30. gxf6 Rf8 31. Qe7 Qd8 32. Qxb7 Rxf6 33. Re1 Rf3 34. Kg2 Rg3+ 35. Kh2 Qf8 36. Re2 Rf3 37. Qxc6 Qf4+ 0-1

[Event "Divcibare Narcis op"]
[Site "Divcibare"]
[Date "2018.10.01"]
[Round "2"]
[White "Dev, Shah"]
[Black "Galunova, Tsveta"]
[Result "0-1"]
[WhiteElo "2146"]
[BlackElo "2166"]
[PlyCount "52"]
[EventDate "2018.09.30"]
[EventType "swiss"]
[EventRounds "9"]
[EventCountry "SRB"]
[SourceTitle "CBM 187 Extra"]
[Source "ChessBase"]
[SourceDate "2018.11.04"]
[SourceVersion "1"]
[SourceVersionDate "2018.11.04"]
[SourceQuality "1"]

1. d4 d5 2. c4 dxc4 3. Nf3 Nf6 4. e3 e6 5. Bxc4 c5 6. 0-0 Nc6 7. Nc3 a6 8. Bb3 b5 9. Qe2 Bb7 10. Rd1 Qc7 11. d5 exd5 12. Nxd5 Nxd5 13. Bxd5 Be7 14. a4 Qb6 15. e4 0-0 16. Bf4 Rad8 17. a5 Nxa5 18. b4 Nc4 19. Ne5 Nxe5 20. Bxe5 Bxd5 21. exd5 Rfe8 22. Qg4 Bf8 23. Qg3 Rd7 24. bxc5 Qxc5 25. Rac1 Rxd5 26. Rf1 Qb6 0-1

[Event "Anogia Capablanca Mem-B 5th"]
[Site "Anogia"]
[Date "2018.09.19"]
[Round "9"]
[White "Galunova, Tsveta"]
[Black "Avramidou, Anastasia"]
[Result "1/2-1/2"]
[WhiteElo "2166"]
[BlackElo "2260"]
[PlyCount "80"]
[EventDate "2018.09.11"]
[EventType "tourn"]
[EventRounds "9"]
[EventCountry "GRE"]
[SourceTitle "CBM 186 Extra"]
[Source "ChessBase"]
[SourceDate "2018.08.24"]
[SourceVersion "1"]
[SourceVersionDate "2018.08.24"]
[SourceQuality "1"]

1. d4 Nf6 2. c4 g6 3. Nc3 Bg7 4. e4 d6 5. f3 0-0 6. Be3 c5 7. d5 Nbd7 8. Nh3 Ne5 9. Nf2 e6 10. Be2 exd5 11. cxd5 b5 12. Nxb5 Rb8 13. Qd2 Qb6 14. a4 a6 15. a5 Qd8 16. Nc3 Rb4 17. 0-0 Re8 18. Rfc1 Qd7 19. h3 Qb7 20. Na4 Bd7 21. Nb6 Bb5 22. Bxb5 axb5 23. a6 Qa7 24. Nc8 Rxc8 25. Qxb4 Nc4 26. Rxc4 bxc4 27. Qxc4 Nd7 28. Nd3 Nb6 29. Qb5 Rb8 30. Qc6 Nc4 31. Bf2 h5 32. Ra4 Nxb2 33. Nxb2 Rxb2 34. Qxd6 Bd4 35. Bxd4 cxd4 36. Kh2 d3 37. Rc4 Rb1 38. Rc8+ Kh7 39. Qf8 Qg1+ 40. Kg3 Qe1+ 1/2-1/2

[Event "Anogia Capablanca Mem-B 5th"]
[Site "Anogia"]
[Date "2018.09.18"]
[Round "8"]
[White "Pavlidis, Anastasios"]
[Black "Galunova, Tsveta"]
[Result "1/2-1/2"]
[WhiteElo "2368"]
[BlackElo "2166"]
[PlyCount "51"]
[EventDate "2018.09.11"]
[EventType "tourn"]
[EventRounds "9"]
[EventCountry "GRE"]
[SourceTitle "CBM 186 Extra"]
[Source "ChessBase"]
[SourceDate "2018.08.24"]
[SourceVersion "1"]
[SourceVersionDate "2018.08.24"]
[SourceQuality "1"]

1. d4 d5 2. Nf3 Nf6 3. c4 dxc4 4. e3 e6 5. Bxc4 c5 6. 0-0 Nc6 7. Qe2 cxd4 8. Rd1 Be7 9. exd4 Na5 10. Bd3 0-0 11. Nc3 b6 12. Bg5 Bb7 13. Ne5 Nd5 14. Qh5 f5 15. Bxe7 Qxe7 16. Nxd5 Bxd5 17. Qe2 Rac8 18. Ba6 Rc7 19. f3 Nc6 20. Nxc6 Rxc6 21. b3 Qc7 22. Rd2 Rf7 23. Re1 Qd6 24. Bb5 Rc8 25. Ba6 Rc6 26. Bb5 1/2-1/2

[Event "Anogia Capablanca Mem-B 5th"]
[Site "Anogia"]
[Date "2018.09.15"]
[Round "5"]
[White "Galunova, Tsveta"]
[Black "Mitali, Madhukar Patil"]
[Result "1/2-1/2"]
[WhiteElo "2166"]
[BlackElo "2007"]
[PlyCount "83"]
[EventDate "2018.09.11"]
[EventType "tourn"]
[EventRounds "9"]
[EventCountry "GRE"]
[SourceTitle "CBM 186 Extra"]
[Source "ChessBase"]
[SourceDate "2018.08.24"]
[SourceVersion "1"]
[SourceVersionDate "2018.08.24"]
[SourceQuality "1"]

1. d4 d5 2. c4 e6 3. Nc3 Nf6 4. cxd5 exd5 5. Bg5 Be7 6. e3 c6 7. Qc2 Nbd7 8. Bd3 h6 9. Bf4 Nh5 10. Bg3 Nxg3 11. hxg3 Nf6 12. 0-0-0 Be6 13. Kb1 Qa5 14. Nge2 0-0-0 15. f3 Kb8 16. Nf4 Rhe8 17. g4 Bf8 18. Nh5 Nd7 19. Ne2 c5 20. Nef4 Rc8 21. Qd2 Qb6 22. Nxe6 fxe6 23. Bg6 Red8 24. Nf4 c4 25. Rc1 Bd6 26. g3 Nf8 27. Qc2 Rc7 28. Rcd1 c3 29. Bd3 cxb2 30. Qxb2 Rc6 31. Qxb6 Rxb6+ 32. Ka1 Rc8 33. Rc1 Ba3 34. Rxc8+ Kxc8 35. Rb1 Bb4 36. Ne2 Nd7 37. Rb3 Bd2 38. e4 dxe4 39. Bxe4 Rxb3 40. axb3 Nf6 41. Bg6 Kd7 42. Kb2 1/2-1/2